<?xml version="1.0" encoding="UTF-8"?>
<record
    xmlns:xsi="http://www.w3.org/2001/XMLSchema-instance"
    xsi:schemaLocation="http://www.loc.gov/MARC21/slim http://www.loc.gov/standards/marcxml/schema/MARC21slim.xsd"
    xmlns="http://www.loc.gov/MARC21/slim">

  <leader>01991nam a22002177a 4500</leader>
  <controlfield tag="003">OSt</controlfield>
  <controlfield tag="005">20210607101642.0</controlfield>
  <controlfield tag="008">121101t        xxu||||| |||| 00| 0 eng d</controlfield>
  <datafield tag="024" ind1=" " ind2=" ">
    <subfield code="a">GPCL/A298/05/420/2015</subfield>
  </datafield>
  <datafield tag="040" ind1=" " ind2=" ">
    <subfield code="c">LC</subfield>
  </datafield>
  <datafield tag="050" ind1=" " ind2=" ">
    <subfield code="a">KRX956.A29.G34</subfield>
  </datafield>
  <datafield tag="110" ind1=" " ind2=" ">
    <subfield code="b">Office of the Registrar of Companies, Ghana</subfield>
  </datafield>
  <datafield tag="245" ind1=" " ind2=" ">
    <subfield code="a">Companies code, 1963 (Act 179). /</subfield>
    <subfield code="c">Office of the Registrar of Companies, Ghana</subfield>
  </datafield>
  <datafield tag="246" ind1=" " ind2=" ">
    <subfield code="a">Companies Act, 1963 (Act 179)</subfield>
  </datafield>
  <datafield tag="260" ind1=" " ind2=" ">
    <subfield code="a">Accra:</subfield>
    <subfield code="b">Ghana Publishing Company,</subfield>
    <subfield code="c">1963.</subfield>
  </datafield>
  <datafield tag="300" ind1=" " ind2=" ">
    <subfield code="a">311 p.:</subfield>
  </datafield>
  <datafield tag="500" ind1=" " ind2=" ">
    <subfield code="a">Insert  in back cover: Companies (Amendment) Act, 2016 (Act 920). GPCL/A836/1.000/09/2018</subfield>
  </datafield>
  <datafield tag="505" ind1=" " ind2=" ">
    <subfield code="a">Contents: CHAPTER 1: Preliminary -- CHAPTER 2: Provisions applicable to all companies: A. Formation of matters incidental thereto B. The company regulations C. Capacity of companies D. Commencement of business E. Membership of companies F. Shares. G. Stated capital and dividends H. Resolutions reducing capital, shares or liability I. Debentures and debenture stock J. Transfer of shares and debentures K. Branch registers L. Registration of particulars of charges M. Registered office, publication of name and annual return
N. Accounts and audit O. Acts by or on behalf of the company P. General meetings and resolutions Q. Directors and secretary R. Protection against illegal or oppressive action S. Arrangements and amalgamation T. Receivers and managers U. Winding up V. Documents W. Invitations to the public CHAPTER 3: Additional provision applicable to private companies only chapter 4: Additional provision applicable to public companies only A. Prospectuses and statements in lieu of prospectus B. Dividends and transfers C. Annual returns and auditors D. General meetings E. Directors CHAPTER 5: Provisions applicable to non-Ghanaian companies CHAPTER 6: Supplementary A. Unit trusts and mutual funds B. Miscellaneous offences C. Legal proceedings D. Administration  </subfield>
  </datafield>
  <datafield tag="650" ind1=" " ind2=" ">
    <subfield code="a">Corporation law .</subfield>
    <subfield code="x">Ghana.</subfield>
  </datafield>
  <datafield tag="942" ind1=" " ind2=" ">
    <subfield code="2">lcc</subfield>
    <subfield code="c">BK</subfield>
  </datafield>
  <datafield tag="999" ind1=" " ind2=" ">
    <subfield code="c">7638</subfield>
    <subfield code="d">15138</subfield>
  </datafield>
  <datafield tag="952" ind1=" " ind2=" ">
    <subfield code="0">0</subfield>
    <subfield code="1">0</subfield>
    <subfield code="2">lcc</subfield>
    <subfield code="4">0</subfield>
    <subfield code="7">0</subfield>
    <subfield code="a">WIUC-KL</subfield>
    <subfield code="b">WIUC-KL</subfield>
    <subfield code="c">LL</subfield>
    <subfield code="d">2019-08-19</subfield>
    <subfield code="l">0</subfield>
    <subfield code="o">KRX956.A29.G34</subfield>
    <subfield code="p">KSL/005/19</subfield>
    <subfield code="r">2021-06-04 00:00:00</subfield>
    <subfield code="w">2021-06-04</subfield>
    <subfield code="y">BK</subfield>
  </datafield>
  <datafield tag="952" ind1=" " ind2=" ">
    <subfield code="0">0</subfield>
    <subfield code="1">0</subfield>
    <subfield code="2">lcc</subfield>
    <subfield code="4">0</subfield>
    <subfield code="7">0</subfield>
    <subfield code="a">WIUC-KL</subfield>
    <subfield code="b">WIUC-KL</subfield>
    <subfield code="c">LL</subfield>
    <subfield code="d">2019-08-19</subfield>
    <subfield code="l">0</subfield>
    <subfield code="o">KRX956.A29.G341</subfield>
    <subfield code="p">KSL/006/19</subfield>
    <subfield code="r">2021-06-04 00:00:00</subfield>
    <subfield code="w">2021-06-04</subfield>
    <subfield code="y">BK</subfield>
  </datafield>
</record>
